LEADER 01035nam0-22003371i-450- 001 990000083330403321 005 20161026091540.0 035 $a000008333 035 $aFED01000008333 035 $a(Aleph)000008333FED01 035 $a000008333 100 $a20020821d1988----km-y0itay50------ba 101 0 $aita 105 $ay-------001yy 200 1 $aEdifici antisismici con struttura intelaiata in C. A.$econ programmi per il calcolo di telai piani e spaziali$fAurelio Ghersi. 205 $a4. ed. 210 $aNapoli$cCUEN$d1988 215 $a475 p.$cill.$d24 cm + 1 floppy disk 225 1 $aCalcolo strutturale$v2 610 0 $aCostruzioni antisismiche 676 $a693.852 700 1$aGhersi,$bAurelio$f<1951- >$0332635 801 0$aIT$bUNINA$gRICA$2UNIMARC 901 $aBK 912 $a990000083330403321 952 $a13 P 12 04$b4849$fFINBC 952 $a03 D.0,226$b303$fIINTC 959 $aFINBC 959 $aIINTC 996 $aEdifici antisismici con struttura intelaiata in C. A$9110079 997 $aUNINA